| 000 | 01031cam a22001574a 4500 | ||
|---|---|---|---|
| 999 |
_c5344 _d5344 |
||
| 020 | _a0130133043 | ||
| 050 | 0 | 0 |
_aHF5381 _b.K49 |
| 245 | 0 | 0 |
_aKeys to business success / _cMartha Doran ... [et al.]. |
| 260 |
_aUpper Saddle River, NJ : _bPrentice Hall, _cc2000. |
||
| 300 |
_axvi, 302 p. : _bill. ; _c28 cm. |
||
| 505 | _a1. The Business of Living: Getting the Big Picture. 2. Self-Awareness: Knowing Who You Are and How You Learn. 3. Goal Setting and Time Management: Mapping Your Course. 4. Critical and Creative Thinking: Tapping the Power of Your Mind. 5. Reading and Studying: Maximizing Written Resources. 6. Note-Taking and Writing: Harnessing the Power of Words and Ideas. 7. Listening, Memory, and Test Taking: Taking In, Retaining and Demonstrating Knowledge. 8. Business Communication: Reporting Results. 9. Business Math: Finding Strength in Numbers. 10. Moving Ahead: Building a Flexible Future. | ||
| 650 | 0 |
_aBusiness _xVocational guidance. |
|
| 650 | 0 | _aSuccess in business. | |
| 700 | 1 | _aDoran, Martha S. | |
| 942 | _cBK | ||